000 00546nam a22001937a 4500
003 OSt
008 250312b |||||||| |||| 00| 0 eng d
082 _a338.15
_bS48S
100 _aSingh, Narendra Kumar.
245 _aStudy on Resource Productivity in Dryland Agriculture (Chandwa, Palamau) /
_cby Narendra Kumar Singh
260 _a.- Pusa, Samastipur
_b: RAU
_c, 1979
300 _a71p.
502 _bM.Sc.
650 _aAgricultural Economics
650 _aDryland Agriculture
650 _aThesis
650 _aM.Sc.
942 _2ddc
_cT
999 _c47658
_d47658